000 00496nam a2200229Ia 4500
008 210210b1846 xxu||||| |||| 00| 0 eng d
041 _aeng
082 _a828/128
100 _aCAMPBELL (Lord J)
245 _aLives of the lord chancellors Vol 4
260 _aLondon
_bJohn Murray
_c1846
440 _a4
650 _aVol
650 _athe
650 _aof
650 _alord
650 _aLives
650 _achancellors
650 _a4
690 _aBiography
906 _a015973
999 _c135363
_d135363